The Human March in the Libyan Arab republic / (Record no. 187357)
[ view plain ]
| 000 -LEADER | |
|---|---|
| fixed length control field | 00940 a2200157 4500 |
| 003 - CONTROL NUMBER IDENTIFIER | |
| control field | Nust |
| 005 - DATE AND TIME OF LATEST TRANSACTION | |
| control field | 20230201135123.0 |
| 040 ## - CATALOGING SOURCE | |
| Transcribing agency | Nust |
| 082 ## - DEWEY DECIMAL CLASSIFICATION NUMBER | |
| Classification number | 927.612,HUM |
| 245 ## - TITLE STATEMENT | |
| Title | The Human March in the Libyan Arab republic / |
| Statement of responsibility, etc. | Libyan Arab Republic |
| 260 ## - PUBLICATION, DISTRIBUTION, ETC. | |
| Place of publication, distribution, etc. | Libyan Arab |
| Name of publisher, distributor, etc. | Depp of Information and Cultural Affairs |
| 300 ## - PHYSICAL DESCRIPTION | |
| Extent | 240:p |
| 505 ## - FORMATTED CONTENTS NOTE | |
| Formatted contents note | Introduction (Page-12), System Of Government (Page-23), The Political Organization (Page-29), On The National Level (Page-53), On The Islamic Level (Page-61), On The African Level (Page-67), In The Third World Level (Page-73), On The International Level (Page-79), On The Local Level (Page-85), Petroleum (Page-135), Economy (Page-147),Tourism (Page-159), Education (Page-169), Housing (Page-185), Electricity (Page-193), Lab Our (Page-227), Information And Culture (Page-235),The Comprehensive Scientific Revival (Page-245). |
| 650 ## - SUBJECT ADDED ENTRY--TOPICAL TERM | |
| Topical term or geographic name entry element | Libya |
| 9 (RLIN) | 108410 |
| 942 ## - ADDED ENTRY ELEMENTS (KOHA) | |
| Source of classification or shelving scheme | |
| Koha item type | Book |
| Call number prefix | 927.612,HUM |
| Withdrawn status | Lost status | Source of classification or shelving scheme | Damaged status | Not for loan | Permanent Location | Current Location | Shelving location | Date acquired | Full call number | Barcode | Date last seen | Price effective from | Koha item type | Public note |
|---|---|---|---|---|---|---|---|---|---|---|---|---|---|---|
| Military College of Signals (MCS) | Military College of Signals (MCS) | General Stacks | 12/12/2016 | 927.612,HUM | MCS21581 | 12/08/2016 | 12/12/2016 | Book | Almirah No. 59, Shelf No.6 |
